000 00686nam a2200229 a 4500
001 13392
003 BD-JhCC
005 20230917093233.0
008 230916b2017 bg |||| ||a| 000 0 ben d
020 _a9789848027073
035 _a(BD-JhCC)13392
040 _aBD-JhCC
_dBD-JhCC
041 _abengali
082 _a923
_bSHA 2017
100 _aসলোক, গোলাম সরোয়ার
245 _aসাত সূর্যের আলো /
_cগোলাম সরোয়ার সলোক ।
260 _aঢাকা:
_bদাাড়িকমা;
_c2017.
300 _a56 p. :
_c22 cm.
650 _aBiography of Martyrs
942 _2ddc
_cBK
999 _c13392
_d13392